| 000 | 00930 a2200169 4500 | ||
|---|---|---|---|
| 003 | Nust | ||
| 005 | 20230131132047.0 | ||
| 040 | _cNust | ||
| 082 | _a808.83,NIC | ||
| 100 |
_aNichols, Beverley _917923 |
||
| 245 |
_aGreen grows the city: _bThe story of a London garden / _cBeverley Nichols, |
||
| 260 |
_aJonathan Cape _bLondon _c1939 |
||
| 300 | _a285 p | ||
| 505 | _aIntroduction (Page-9), We Move in (Page-15), High Wind in Suburbia (Page-29), False Start (Page-44), A Ray of Isosceles (Page-68), Birth of A Bubble (Page-86), Enter Flora (Page-102), Rose and Cavalier (Page-115), The Battle of the Dome (Page-134), One Thing Lead to Another (Page-147), Rhapsody in Green (Page-165), The Triumphs of Lilliput (Page-182), Bigger and Bigger (Page-197), The Enchanted Corner (Page-215), Inventions (Page-235), The Desert Blossoms (Page-254), The last Chapter (Page-275). | ||
| 650 |
_aNovel _92525 |
||
| 942 |
_2ddc _cBK _k808.83,NIC |
||
| 999 |
_c191015 _d191015 |
||